Twenty One Pilots - Never Take It (Lyrics) - Statistics

General Stats
  • This quiz has been taken 24 times
  • The average score is 302 of 312
Answer Stats
Answer % Correct
a
100%
advice
100%
and
100%
And
100%
better
100%
but
100%
currency
100%
educate
100%
fake
100%
for
100%
guitar,
100%
hard
100%
I,
100%
I
100%
in
100%
information
100%
Is
100%
it
100%
it,
100%
just
100%
Keep
100%
keep
100%
know
100%
lying
100%
more
100%
much
100%
my
100%
never
100%
Never
100%
nothing
100%
Now
100%
Oh-
100%
oh-
100%
oh,
100%
oh
100%
Ooh,
100%
ooh
100%
Ooh
100%
picked
100%
play
100%
take
100%
tearing
100%
teeth
100%
teeth?
100%
that
100%
the
100%
The
100%
their
100%
they
100%
They
100%
they're
100%
through
100%
to
100%
too
100%
truth
100%
try
100%
trying
100%
up
100%
we
100%
weaponize
100%
we'll
100%
You
100%
yourself,
100%
yourself
100%
asking
93%
disease
93%
facility?
93%
How
93%
myself
93%
of
93%
saw
93%
second
93%
summer
93%
Taught
93%
When
93%
Why
93%
can
86%
confusion
86%
cure
86%
enough
86%
from
86%
on
86%
quotations
86%
things
86%
those
86%
treatment
86%
tube,
86%
two
86%
watched
86%
you're
86%
'Cause
79%
restitution
79%
seek
79%
Yeah,
79%
yeah,
79%
yeah
79%
great
71%
divide
64%
profit
64%
will
64%
Will
64%
'em
43%
No matching quizzes found
Score Distribution
Percent of People with Each Score
Percentile by Number Answered
Your Score History
You have not taken this quiz